000 01012nam a2200253 i 4500
001 184028
003 ES-MaACL
005 20231115131154.0
008 150223r20001853sp | |||| ||spa d
020 _a84-931127-7-1
080 _a946.018.4 Benavente
100 1 _aLedo del Pozo, José.
_9128834
245 1 0 _aHistoria de la nobilísima villa de Benavente /
_cJosé Ledo del Pozo.
260 _aBenavente :
_bCentro de Estudios Benaventanos "Ledo del Pozo",
_c2000.
300 _a28, VI, 336 p. ;
_c21 cm.
534 _pReprod. facs. de la ed. de:
_cZamora : Imp. de Vicente Vallecillo, 1853.
651 4 _aBenavente-
_xHistoria.
_9156156
655 7 _2tgfbne
_9226495
_aFacsímiles
852 _aES-MaACL
_jA-13403
_dOlim: N-6403
_h Donación: Centro de Estudios Benaventanos "Ledo del Pozo"
_9190994
_bR.150350
_cDEPO1
914 _9144530
_aCentro de Estudios Benaventanos "Ledo del Pozo"
_ednr
942 _2udc
_cMONOGRAFIA
999 _c184028
_d184028